000 01379nam a2200253 a 4500
005 20260322212021.0
008 data
020 _a0780652967
020 _a9780780652965
040 _aBorders/Amazon
099 _aDVD 806
245 1 0 _aBuffalo soldiers /
_h[videorecording]
_cTurner Pictures ; Citadel Enterprise Productions ; Trilogy Group ;directed by Charles Haid.
260 _a[Burbank, CA]
_bWarner Home Video
_cc1998
300 _aDVD. 1 videodisc (ca. 95 min.) :
_b sd., col., stereo
500 _aCast: Danny Glover, Bob Gunton, Carl Lumbly, Glynn Turman, Mykelti Williamson.
500 _aMPAA rating: G
500 _aRelease of the 1997 film produced for television.
520 _aFact based story about the all-black US Cavalry Troop H which protected the Western territories in post Civil War times. The story focuses on the troops attempts to capture an Apache warrior named Vittorio who slaughters the settlers in New Mexico. The film examines the racial tensions that existed between the black soldiers and some of the white soldiers and the truths about the Indian invaders.
650 4 _aAfrican American soldiers
_xhistory
_xhistory
_y19th century
_xhistory
650 4 _aUnited States. Army
_xhistory
_xhistory
_y19th century
_xhistory
650 4 _aWestern films.
856 4 1 _uhttps://blog.springshare.com/wp-content/uploads/2010/02/nc-sm.gif
001 data
999 _c469
_d469